00660nam a2200193Ia 4500001002600000003000900026008004100035040002300076041001300099100002100112245008500133250001500218260003600233300001900269490001900288500002600307501012400333520000900457232.914-LUC va gi (13945)IT-MiSPE171229s9999||||xx |||||||||||||| ||und|| aIT-MiSPEcIT-MiSPE aITALIANO aVasco Lucarelli  0aVieni da me sul montebStoria dei grandi pellegrinaggi al Santuario di Montenero a1a ed. (v) aCinisello B.mobSan Paoloc2002 a285 p. c21 cm aPellegriniv15 aMariologia - Santuari aEdizioni San Paolo srl - Piazza Soncino, 5 - 20092 CINISELLO BALSAMO (MI) (non commercial uses only) ® Copyright 2018 aTav.